Puerto de bahía blanca

Guardado en:
Formato: Libro
Publicado: Bahía Blanca : Consorcio del Puerto de Bahía Blanca, s.f.
Materias:
Etiquetas: Agregar Etiqueta
Sin Etiquetas, Sea el primero en etiquetar este registro!
LEADER 00408nam a22001335a 4500
001 CEM.cems012289
005 20060913144438.0
008 130507b######################000#0#####d
003 CEMS
082 0 4 |a F982.1 
245 0 0 |a Puerto de bahía blanca 
260 |a Bahía Blanca :  |b  Consorcio del Puerto de Bahía Blanca, s.f. 
653 |a Puerto de bahía blanca 
859 |a CEMS  |b BIB. CEMS - 11 de abril  |h F982.1  |i 4-12  |p 2118.44  |t Ej.1